| 000 | 00569nam a2200193Ia 4500 | ||
|---|---|---|---|
| 005 | 20250923144827.0 | ||
| 008 | 008 250917s9999 xx 000 0 eng d | ||
| 037 | _aTextual | ||
| 040 |
_aDSWL _beng _cDSWL |
||
| 041 |
_aeng _2eng |
||
| 084 |
_aX8(M71):93.2'N57t, N60 _qDSWL |
||
| 245 | 0 | _aReport of the general wage board for the cotton textile industry | |
| 260 |
_aNew Delhi _bDelhiAll India Trade _c1960 |
||
| 300 | _axvi,166p. | ||
| 365 |
_aINR _b3 |
||
| 925 | _g3 | ||
| 942 |
_cTEXL _hX8(M71):93.2'N57t, N60 |
||
| 999 |
_c1443857 _d1443857 |
||